Unpacking forgiveness : (Record no. 21481)

MARC details
000 -LEADER
fixed length control field 01761cam a2200349 a 4500
001 - CONTROL NUMBER
control field 15203090
003 - CONTROL NUMBER IDENTIFIER
control field OSt
005 - DATE AND TIME OF LATEST TRANSACTION
control field 20260316154156.0
008 - FIXED-LENGTH DATA ELEMENTS--GENERAL INFORMATION
fixed length control field 080303s2008 ilu b 001 0 eng
010 ## - LIBRARY OF CONGRESS CONTROL NUMBER
LC control number 2008009804
020 ## - INTERNATIONAL STANDARD BOOK NUMBER
International Standard Book Number 9781581349801
Qualifying information tpb
035 ## - SYSTEM CONTROL NUMBER
System control number 15203090
040 ## - CATALOGING SOURCE
Original cataloging agency DLC
Transcribing agency DLC
Modifying agency DLC
050 00 - LIBRARY OF CONGRESS CALL NUMBER
Classification number BT795
Item number .B26 2008
082 00 - DEWEY DECIMAL CLASSIFICATION NUMBER
Classification number 234/.5
Edition number 22
100 1# - MAIN ENTRY--PERSONAL NAME
Personal name Brauns, Chris,
Dates associated with a name 1963-
245 10 - TITLE STATEMENT
Title Unpacking forgiveness :
Remainder of title biblical answers for complex questions and deep wounds /
Statement of responsibility, etc. Chris Brauns.
260 ## - PUBLICATION, DISTRIBUTION, ETC. (IMPRINT)
Place of publication, distribution, etc. Wheaton, Ill. :
Name of publisher, distributor, etc. Crossway Books,
Date of publication, distribution, etc. 2008.
300 ## - PHYSICAL DESCRIPTION
Extent 235 p. ;
Dimensions 23 cm.
336 ## - CONTENT TYPE
Content type term text
Content type code txt
Source rdacontent
337 ## - MEDIA TYPE
Media type term unmediated
Media type code n
Source rdamedia
338 ## - CARRIER TYPE
Carrier type term volume
Carrier type code nc
Source rdacarrier
504 ## - BIBLIOGRAPHY, ETC. NOTE
Bibliography, etc Includes bibliographical references and index.
505 0# - FORMATTED CONTENTS NOTE
Formatted contents note Introduction: The forgiveness quiz -- How to begin unpacking -- Motivation to unpack -- Defining forgiveness: the divine pattern -- Defining forgiveness for Christians -- More than a feeling -- The way up is down -- Unpack with great urgency -- Should I just get over it? -- How should I go about it? -- What if I won't forgive? -- How should I respond to the unrepentant? Two principles -- How can I cnoquer bitterness? -- How can I stop thinking about it? -- What if Christians cannot agree? -- Final thoughts.
650 #0 - SUBJECT ADDED ENTRY--TOPICAL TERM
Topical term or geographic name as entry element Forgiveness of sin.
650 #0 - SUBJECT ADDED ENTRY--TOPICAL TERM
Topical term or geographic name as entry element Forgiveness
General subdivision Religious aspects
-- Christianity.
856 41 - ELECTRONIC LOCATION AND ACCESS
Materials specified Table of contents only
Uniform Resource Identifier <a href="http://www.loc.gov/catdir/toc/ecip0813/2008009804.html">http://www.loc.gov/catdir/toc/ecip0813/2008009804.html</a>
906 ## - LOCAL DATA ELEMENT F, LDF (RLIN)
a 7
b cbc
c orignew
d 1
e ecip
f 20
g y-gencatlg
942 ## - ADDED ENTRY ELEMENTS (KOHA)
Source of classification or shelving scheme Library of Congress Classification
Koha item type General Collection
Holdings
Withdrawn status Lost status Source of classification or shelving scheme Not for loan Home library Current library Shelving location Date acquired Source of acquisition Inventory number Total Checkouts Full call number Barcode Date last seen Copy number Price effective from Koha item type
    Library of Congress Classification   Kabarak, Main Campus Kabarak, Main Campus General Stacks 16/03/2026 Donation 2025/3416   BT795 .B26 2008 C.1 38412 16/03/2026 C.1 16/03/2026 General Collection
Designed with assistance from East African Informatics Ltd